[Event "GER HS-256 email"]
[Site "GER email"]
[Date "2019.05.04"]
[Round "?"]
[White "Rausch, Wolfgang"]
[Black "Peetoom, Frank"]
[Result "1-0"]
[WhiteElo "1792"]
[BlackElo "1823"]
[PlyCount "77"]
[EventDate "2019.05.13"]
[EventType "tourn (corr)"]
[EventRounds "6"]
[EventCountry "GER"]
[SourceTitle "Corr 2022"]
[Source "ChessBase"]
[SourceDate "2021.10.24"]
[SourceVersion "1"]
[SourceVersionDate "2021.10.24"]
[SourceQuality "1"]

1. e4 e5 2. Nf3 Nc6 3. Bb5 Nf6 4. d3 Bc5 5. Bxc6 dxc6 6. c3 Bd6 7. 0-0 0-0 8. Bg5 Be6 9. Bh4 c5 10. Re1 h6 11. Na3 Qe7 12. h3 c6 13. d4 cxd4 14. cxd4 Qd7 15. dxe5 Bxa3 16. Qc2 Nxe4 17. bxa3 f5 18. exf6 Nxf6 19. Ne5 Qd4 20. Rac1 Bd5 21. Ng6 Rfe8 22. Re7 Rxe7 23. Nxe7+ Kh8 24. Rd1 Qe4 25. Qxe4 Bxe4 26. Bxf6 gxf6 27. f3 Bc2 28. Rd2 Re8 29. Nxc6 Ba4 30. Nd8 Re7 31. Rd4 Bb5 32. a4 Ba6 33. Rd6 Kg7 34. Ne6+ Kf7 35. Nf4 Re1+ 36. Kh2 Bc4 37. a3 Ke7 38. Rd4 Rc1 39. Nd5+ 1-0

[Event "GER OS-359 email"]
[Site "GER email"]
[Date "2018.11.09"]
[Round "?"]
[White "Guenther, Rainer"]
[Black "Rausch, Wolfgang"]
[Result "0-1"]
[WhiteElo "1364"]
[BlackElo "1709"]
[PlyCount "50"]
[EventDate "2018.11.18"]
[EventType "tourn (corr)"]
[EventRounds "6"]
[EventCountry "GER"]
[SourceTitle "Corr 2022"]
[Source "ChessBase"]
[SourceDate "2021.10.24"]
[SourceVersion "1"]
[SourceVersionDate "2021.10.24"]
[SourceQuality "1"]

1. e4 c6 2. d4 d5 3. e5 Bf5 4. Nf3 e6 5. Be2 Nd7 6. 0-0 Ne7 7. b3 Ng6 8. c4 Be7 9. c5 f6 10. exf6 Bxf6 11. Be3 Nxc5 12. Nbd2 Ne4 13. Rc1 0-0 14. Re1 a5 15. h3 Nh4 16. Ne5 Bxe5 17. dxe5 d4 18. Bf4 Nxg2 19. Nxe4 Nxf4 20. Ng3 Nxh3+ 21. Kf1 Qh4 22. Bf3 Nxf2 23. Nxf5 Rxf5 24. Qe2 Raf8 25. Bg2 Ng4+ 0-1

[Event "GER OS-358 email"]
[Site "GER email"]
[Date "2018.11.02"]
[Round "?"]
[White "Rausch, Wolfgang"]
[Black "Hagedorn, Peter"]
[Result "0-1"]
[WhiteElo "1757"]
[BlackElo "2060"]
[PlyCount "96"]
[EventDate "2018.11.11"]
[EventType "tourn (corr)"]
[EventRounds "6"]
[EventCountry "GER"]
[SourceTitle "Corr 2022"]
[Source "ChessBase"]
[SourceDate "2021.10.24"]
[SourceVersion "1"]
[SourceVersionDate "2021.10.24"]
[SourceQuality "1"]

1. c4 e5 2. Nc3 Nf6 3. Nf3 Nc6 4. e4 Bb4 5. d3 d6 6. Be2 0-0 7. 0-0 Bc5 8. Be3 Bg4 9. Nxe5 Nxe5 10. d4 Nxc4 11. Bxg4 Nxe3 12. fxe3 Bb6 13. Rf5 c6 14. Be2 Qe7 15. Bd3 g6 16. Rf3 c5 17. dxc5 dxc5 18. Qc2 Ba5 19. Nd5 Nxd5 20. exd5 Rad8 21. e4 Bc7 22. Raf1 Be5 23. Kh1 Kg7 24. b3 a6 25. a4 h5 26. Rc1 Bd4 27. a5 Rd6 28. Qc4 Rf6 29. Rxf6 Qxf6 30. Rf1 Qe5 31. b4 Rc8 32. b5 axb5 33. Qxb5 Rc7 34. Bc4 h4 35. Qb1 Bc3 36. a6 bxa6 37. Qd3 Ra7 38. Qh3 Qd4 39. Be2 Bd2 40. Qxh4 c4 41. Qg3 c3 42. Qd3 Qe3 43. Qxe3 Bxe3 44. Bd3 a5 45. Bc2 a4 46. Ra1 a3 47. Ra2 Bc1 48. Kg1 Bb2 0-1

[Event "GER OS-346 email"]
[Site "GER email"]
[Date "2018.05.24"]
[Round "?"]
[White "Rausch, Wolfgang"]
[Black "Eschweiler, Martin"]
[Result "1-0"]
[WhiteElo "1709"]
[BlackElo "1269"]
[PlyCount "75"]
[EventDate "2018.06.12"]
[EventType "tourn (corr)"]
[EventRounds "6"]
[EventCountry "GER"]
[SourceTitle "Corr 2022"]
[Source "ChessBase"]
[SourceDate "2021.10.24"]
[SourceVersion "1"]
[SourceVersionDate "2021.10.24"]
[SourceQuality "1"]

1. Nf3 Nf6 2. d4 g6 3. c4 Bg7 4. g3 0-0 5. Bg2 d6 6. 0-0 Ne4 7. Qc2 f5 8. Rd1 Nc6 9. Nc3 Nxc3 10. Qxc3 e5 11. dxe5 Nxe5 12. c5 Qe7 13. cxd6 cxd6 14. Nd4 Nc6 15. Nxc6 bxc6 16. Qxc6 Rb8 17. Qxd6 Qxd6 18. Rxd6 Bxb2 19. Rb1 Be5 20. Rxb8 Bxd6 21. Bd5+ Kg7 22. Ra8 Bc5 23. Be3 Bxe3 24. fxe3 Rd8 25. Rxa7+ Kf6 26. Bb3 h6 27. Ra8 Ke5 28. Rb8 Re8 29. Rb6 g5 30. Rxh6 f4 31. Rg6 fxe3 32. Rxg5+ Kd4 33. Ra5 Bb7 34. Ra7 Be4 35. h4 Kc3 36. Rd7 Bb1 37. Rd6 Kb2 38. Re6 1-0

[Event "GER OS-346 email"]
[Site "GER email"]
[Date "2018.05.24"]
[Round "?"]
[White "Rausch, Wolfgang"]
[Black "Hummel, Armin"]
[Result "1-0"]
[WhiteElo "1709"]
[BlackElo "2021"]
[PlyCount "35"]
[EventDate "2018.06.12"]
[EventType "tourn (corr)"]
[EventRounds "6"]
[EventCountry "GER"]
[SourceTitle "Corr 2022"]
[Source "ChessBase"]
[SourceDate "2021.10.24"]
[SourceVersion "1"]
[SourceVersionDate "2021.10.24"]
[SourceQuality "1"]

1. Nf3 Nf6 2. d4 e6 3. Bg5 c5 4. e3 Qb6 5. Qc1 Be7 6. Nbd2 d5 7. dxc5 Qxc5 8. Be2 Nc6 9. 0-0 0-0 10. c4 Qb6 11. Qc2 h6 12. Bh4 Bd7 13. a3 a5 14. b3 Rac8 15. Rfc1 Qa7 16. Qb2 Be8 17. b4 d4 18. Nxd4 1-0